Billie Eilish Songs - Sudden Death - Statistics

General Stats
  • This quiz has been taken 371 times
  • The average score is 4 of 17
Answers on the Grid
Answers color-coded by a green-red scale on the quiz's grid according to % correct below.
happier than ever
sky blue eyes
don't smile at me
8
party favor
when I am older
hailey's comet
bored
dna
lovely
tv
who was I made for?
ilomilo
bosa nova
xanny
come out and play
the diner
don't copy me
bad girl
my boy
bitches broken hearts
hit me hard and soft
you can't see my crown
bury a friend
bittersuite
lost cause
your future
the 30th
idontwannabeyouanymore
not your time to die
 
Answer Stats
Answer % Correct
happier than ever
91%
8
49%
lovely
25%
party favor
24%
idontwannabeyouanymore
22%
bored
20%
bury a friend
18%
tv
17%
bittersuite
14%
ilomilo
14%
bitches broken hearts
12%
the 30th
12%
xanny
12%
the diner
10%
come out and play
9%
lost cause
9%
my boy
9%
No matching quizzes found
Score Distribution
Percent of People with Each Score
Percentile by Number Answered
Your Score History
You have not taken this quiz